• 首页
  • 本馆介绍
  • 公告通知
  • 最新文献
  • 馆藏检索
  • 电子资源
  • 读者导购
  • 参考咨询
  • 我的图书馆
  • 登录
  • 详细信息显示
  • 放入我的书架
  • 预约/预借图书
  • 作者相关作品
  • 分类相关作品
  • 丛书相关作品
  • 出版社相关作品

书目信息

  • 表格格式
  • 工作单格式
  • 卡片格式
题名:
新概念英语
    
 
作者: 亚力山大 , Alexander 著 ;李贺 , 杜学增 译
分册: 第三册   培养技能
出版信息: 北京   外语教学与研究出版社  1987
页数: 122页
开本: 21cm
丛书名:
单 册:
中图分类: H31
科图分类:
主题词: 英语--教材
电子资源:
ISBN: 7-5600-0131-9
000 00844nam0 2200265 45
001 0187011796
005 20061104165022.04
010    @a7-5600-0131-9@dCNY1.80
100    @a19951122d1987 em y0chiy0121 ea
101 2  @achi@ceng
102    @aCN@b110000
105    @ay z 000yy
200 10 @a新概念英语@Axin gai nian ying yu@dNew concept English@zeng@h第三册@i培养技能@f(英)亚力山大(Alexander,L.G.)著@g杜学增,李贺译
210    @a北京@c外语教学与研究出版社@d1987
215    @a122页@d21cm
300    @a附:词语注释、课文注释、参考译文
510 1  @aNew concept English@zeng
606    @a英语@x教材
690    @aH31@v3
701  1 @a亚力山大@Aya li shan da@bL.G.@4著
701 A1 @aAlexander@bL.G.@4著
702  0 @a李贺@Ali he@4译@Ali he
702  0 @a杜学增@Adu xue zeng@4译
801  2 @aCN@bNLC@c20061104
905    @a10447@dH31@e264:3
    
    新概念英语=New concept English.第三册.培养技能/(英)亚力山大(Alexander,L.G.)著/杜学增,李贺译.-北京:外语教学与研究出版社,1987
    122页;21cm
    附:词语注释、课文注释、参考译文
    
    ISBN 7-5600-0131-9:CNY1.80
    
●
相关链接 在E读中查询图书 在五车中查询图书 在当当中查询图书 在豆瓣中查询图书


正题名:新概念英语     索取号:H31/264:3         预约/预借

序号 登录号 条形码 馆藏地/架位号 状态 备注
1 0213107   202069812   第二样本阅览室/ [索取号:H31/264:3] 在馆    
唐山师范学院图书馆 欢迎您!
大连网信软件有限公司© 版权所有